000 00658nam a2200229 4500
003 OSt
005 20260601193855.0
008 260505b2007 cn a|||| |||| 00| 0 eng d
020 _a9780471662952
040 _aICI
_bspa
_cICI
041 _aeng
050 _aT11 .P73 2007
100 1 _aLipton, Ronnie,
_eautor
_932865
245 1 _aThe Practical Guide to :
_bInformation Design /
_cRonnie Lipton
264 _aCanada :
_bJohn Wiley & Sons
_c2007
300 _a264 páginas
_bilustraciones
336 _atexto
_2rdacontent
337 _asin medio
_2rdamedia
338 _avolumen
_2rdacarrier
700 1 _aRonnie Lipton,
_eautor
_932866
942 _2lcc
_cB
_n1
999 _c22002
_d22002